[Event "10. HIT Open 2005 - B"]
[Site "Nova Gorica SLO"]
[Date "2005.01.30"]
[Round "4.1"]
[White "Skok, Joze"]
[Black "Budihna, Kristijan"]
[Result "1/2-1/2"]
[WhiteElo "2102"]
[BlackElo "2023"]
[PlyCount "33"]
[EventDate "2005.01.28"]
[EventType "swiss"]
[EventRounds "9"]
[EventCountry "SLO"]
[Source "lmi"]
[SourceDate "2005.02.03"]

1. e4 e5 2. Nf3 Nc6 3. Bb5 a6 4. Ba4 Nf6 5. d4 exd4 6. e5 Ne4 7. O-O Nc5 8.
Bxc6 dxc6 9. Nxd4 Ne6 10. Be3 Nxd4 11. Qxd4 Qxd4 12. Bxd4 Bf5 13. c3 O-O-O 14.
Nd2 Rg8 15. Nb3 Be7 16. Rad1 Be6 17. f4 1/2-1/2

[Event "10. HIT Open 2005 - B"]
[Site "Nova Gorica SLO"]
[Date "2005.01.30"]
[Round "4.3"]
[White "Di Lazzaro, Gabriele"]
[Black "Skoberne, Renato"]
[Result "0-1"]
[WhiteElo "2012"]
[BlackElo "2083"]
[PlyCount "140"]
[EventDate "2005.01.28"]
[EventType "swiss"]
[EventRounds "9"]
[EventCountry "SLO"]
[Source "lmi"]
[SourceDate "2005.02.03"]

1. e4 d6 2. d4 Nf6 3. Nc3 g6 4. Bg5 Bg7 5. e5 Nfd7 6. e6 fxe6 7. Nf3 c6 8. Qd2
Nf6 9. Bd3 Qa5 10. O-O Nbd7 11. Rfe1 Nf8 12. a3 h6 13. b4 Qd8 14. Be3 g5 15. h3
Bd7 16. Ne2 Kf7 17. c4 N8h7 18. Rad1 Rf8 19. Ne5+ Kg8 20. f4 Be8 21. Ng6 Bxg6
22. Bxg6 g4 23. h4 b5 24. cxb5 cxb5 25. Nc3 Qd7 26. Qd3 a6 27. Bf2 d5 28. Qe3
Rac8 29. Na2 Rc6 30. Nc1 Rfc8 31. Nb3 Nf8 32. Bb1 Rc3 33. Rd3 Rxd3 34. Qxd3 Qd6
35. Qe3 Rc4 36. Nc5 Kf7 37. Bd3 Ne8 38. Bxc4 dxc4 39. g3 Nc7 40. Nb7 Qd7 41.
Nc5 Qd6 42. Qe4 Qd5 43. Qe3 Nd7 44. Qe4 Nxc5 45. dxc5 Qxe4 46. Rxe4 Bb2 47. Re3
Nd5 48. c6 c3 49. Re2 Bxa3 50. Be1 Bxb4 51. Rc2 Bc5+ 52. Kf1 b4 53. c7 Nxc7 54.
Bxc3 bxc3 55. Rxc3 Bd6 56. Rc6 a5 57. Rc4 Nd5 58. Ke2 Kf6 59. Kd3 Kf5 60. Rc8
Nxf4+ 61. gxf4 Kxf4 62. Ke2 Kg3 63. Kf1 Kxh4 64. Kg2 Kg5 65. Rg8+ Kf4 66. Rh8
a4 67. Rxh6 a3 68. Rxe6 a2 69. Re1 Be5 70. Rf1+ Kg5 0-1

[Event "10. HIT Open 2005 - B"]
[Site "Nova Gorica SLO"]
[Date "2005.01.30"]
[Round "4.4"]
[White "Diotallevi, Maurizio"]
[Black "Ursic, Mateja"]
[Result "1/2-1/2"]
[WhiteElo "2083"]
[BlackElo "2048"]
[PlyCount "117"]
[EventDate "2005.01.28"]
[EventType "swiss"]
[EventRounds "9"]
[EventCountry "SLO"]
[Source "lmi"]
[SourceDate "2005.02.03"]

1. d4 d5 2. c4 dxc4 3. Nf3 e6 4. e3 a6 5. Bxc4 Nf6 6. O-O c5 7. Qe2 b5 8. Bb3
Bb7 9. Rd1 Nbd7 10. a4 Qb6 11. Nc3 c4 12. Bc2 b4 13. a5 Qc7 14. Na4 Qxa5 15.
Qxc4 Rc8 16. Qe2 Bxf3 17. gxf3 Qc7 18. Bb3 Bd6 19. h3 a5 20. Bd2 O-O 21. Kh1
Rfd8 22. Rg1 Qb7 23. e4 e5 24. d5 Nh5 25. Kh2 Nf4 26. Qf1 Nf8 27. Be3 Nd7 28.
Bc4 b3 29. Ba6 Qb4 30. Bxc8 Rxc8 31. Qe1 Rc2 32. Qxb4 Bxb4 33. Bxf4 exf4 34.
Rac1 Rxf2+ 35. Rg2 Rxf3 36. Rc8+ Nf8 37. Nb6 g6 38. Nd7 Kg7 39. Nxf8 Bxf8 40.
Re2 Rd3 41. Rd8 f3 42. Rf2 Be7 43. Rd7 Bh4 44. Rf1 Rd2+ 45. Kh1 f2 46. e5 Kf8
47. e6 fxe6 48. Rxh7 g5 49. Ra7 Rxd5 50. Rb7 a4 51. Rb4 Rd2 52. Rxa4 Rxb2 53.
Ra7 Ra2 54. Rb7 b2 55. Kg2 Ra1 56. Rxb2 Rxf1 57. Kxf1 Kf7 58. Ke2 Kf6 59. Rb1
1/2-1/2

[Event "10. HIT Open 2005 - B"]
[Site "Nova Gorica SLO"]
[Date "2005.01.30"]
[Round "4.5"]
[White "Punteri, Marco"]
[Black "Di-Donato, Giovanni"]
[Result "0-1"]
[WhiteElo "2051"]
[BlackElo "2125"]
[PlyCount "68"]
[EventDate "2005.01.28"]
[EventType "swiss"]
[EventRounds "9"]
[EventCountry "SLO"]
[Source "lmi"]
[SourceDate "2005.02.03"]

1. d4 d5 2. c4 c6 3. Nf3 Nf6 4. Nc3 a6 5. h3 b5 6. c5 Nbd7 7. Bf4 g6 8. a4 b4
9. Na2 a5 10. Nc1 Ba6 11. Nd3 Bxd3 12. Qxd3 Bg7 13. Qe3 Ne4 14. Bh6 O-O 15.
Bxg7 Kxg7 16. h4 Ndf6 17. Ne5 Qc8 18. Rh3 Nd7 19. h5 Nxe5 20. hxg6 Ng4 21.
Rxh7+ Kxg6 22. Qh3 Nef6 23. Qd3+ Ne4 24. Qh3 Qf5 25. f3 Rg8 26. Rh4 Ne3 27.
Qxf5+ Nxf5 28. Rg4+ Ng5 29. f4 Nxd4 30. Rxg5+ Kf6 31. Rxg8 Rxg8 32. Rc1 Rg3 33.
Kf2 Rb3 34. Rd1 Ne6 0-1

[Event "10. HIT Open 2005 - B"]
[Site "Nova Gorica SLO"]
[Date "2005.01.30"]
[Round "4.6"]
[White "Belardinelli, Franco"]
[Black "Laco, Giuseppe"]
[Result "0-1"]
[WhiteElo "2000"]
[BlackElo "2104"]
[PlyCount "104"]
[EventDate "2005.01.28"]
[EventType "swiss"]
[EventRounds "9"]
[EventCountry "SLO"]
[Source "lmi"]
[SourceDate "2005.02.03"]

1. e4 c5 2. Nf3 e6 3. d4 cxd4 4. Nxd4 a6 5. c4 b6 6. a3 Bb7 7. Nc3 Qc7 8. Be2
Nf6 9. f3 Nc6 10. Be3 Nxd4 11. Bxd4 Bd6 12. g3 Be5 13. b4 Bxd4 14. Qxd4 Rb8 15.
O-O d6 16. Rfd1 Ke7 17. Rd2 Rhd8 18. Rad1 h5 19. Qe3 Qc6 20. Nd5+ Nxd5 21. exd5
Qc7 22. Qg5+ Kf8 23. Qxh5 exd5 24. Qh8+ Ke7 25. Qxg7 Rg8 26. Qd4 dxc4 27. Bxc4
Rg6 28. Qf4 Rf8 29. h4 b5 30. Bb3 Qb6+ 31. Kg2 f5 32. Bd5 Bc8 33. Re1+ Kd8 34.
Rde2 Bd7 35. Be6 Qc6 36. Bxd7 Kxd7 37. Re7+ Kd8 38. Kh3 Rfg8 39. R7e6 Rxg3+ 40.
Qxg3 Rxg3+ 41. Kxg3 Qd5 42. f4 Qd3+ 43. R1e3 Qd1 44. Re1 Qg4+ 45. Kf2 Qxf4+ 46.
Ke2 Kd7 47. Kd3 Qc4+ 48. Kd2 Qa2+ 49. Kd1 Qxe6 50. Rxe6 Kxe6 51. Ke2 Kf6 52.
Kf3 d5 0-1

[Event "10. HIT Open 2005 - B"]
[Site "Nova Gorica SLO"]
[Date "2005.01.30"]
[Round "4.7"]
[White "Padjen, Zdenko"]
[Black "Petrovic, Marko"]
[Result "1/2-1/2"]
[WhiteElo "2069"]
[BlackElo "1927"]
[PlyCount "51"]
[EventDate "2005.01.28"]
[EventType "swiss"]
[EventRounds "9"]
[EventCountry "SLO"]
[Source "lmi"]
[SourceDate "2005.02.03"]

1. e4 g6 2. d4 Bg7 3. Nc3 c5 4. Nf3 cxd4 5. Nxd4 a6 6. Be3 d6 7. Qd2 Nc6 8.
O-O-O Be6 9. Nxe6 fxe6 10. Bc4 Qd7 11. f4 b5 12. Be2 Nf6 13. Bf3 Rc8 14. Ne2 a5
15. Kb1 e5 16. h3 Qc7 17. Rc1 O-O 18. Nc3 exf4 19. Bxf4 Nd7 20. Nd5 Qb8 21. Bg4
Rcd8 22. Bg5 Nf6 23. Nf4 d5 24. Ne6 Nxe4 25. Qe3 Qe5 26. Nxg7 1/2-1/2

[Event "10. HIT Open 2005 - B"]
[Site "Nova Gorica SLO"]
[Date "2005.01.30"]
[Round "4.8"]
[White "Plaskan, Jure"]
[Black "Zorat, Paolo"]
[Result "1/2-1/2"]
[WhiteElo "2031"]
[BlackElo "1900"]
[PlyCount "86"]
[EventDate "2005.01.28"]
[EventType "swiss"]
[EventRounds "9"]
[EventCountry "SLO"]
[Source "lmi"]
[SourceDate "2005.02.03"]

1. e4 e5 2. Nf3 Nc6 3. Bb5 a6 4. Ba4 Nf6 5. O-O b5 6. Bb3 Be7 7. Re1 O-O 8. h3
d6 9. c3 Re8 10. Ng5 Rf8 11. Nf3 Re8 12. d4 Bf8 13. Nbd2 Na5 14. Bc2 c5 15. Nf1
cxd4 16. cxd4 exd4 17. Nxd4 Bb7 18. Ng3 Rc8 19. Bf4 d5 20. e5 Ne4 21. Qg4 Nc4
22. Bxe4 dxe4 23. Rad1 Nxe5 24. Bxe5 Rxe5 25. Nc6 Bxc6 26. Rxd8 Rxd8 27. Rc1
Bd5 28. a3 g6 29. Qf4 Rde8 30. Qe3 Bc4 31. b4 Bg7 32. Rd1 Bf6 33. Qb6 Bg5 34.
Qxa6 e3 35. fxe3 Bxe3+ 36. Kh2 Bf4 37. Rd4 g5 38. Qf6 R5e6 39. Qf5 Re5 40. Qf6
R5e6 41. Qf5 Re5 42. Qc2 Re2 43. Qf5 R2e5 1/2-1/2

[Event "10. HIT Open 2005 - B"]
[Site "Nova Gorica SLO"]
[Date "2005.01.30"]
[Round "4.9"]
[White "Ursic, Aleksander"]
[Black "Milinkovic, Zdravko"]
[Result "1/2-1/2"]
[WhiteElo "1948"]
[BlackElo "2016"]
[PlyCount "30"]
[EventDate "2005.01.28"]
[EventType "swiss"]
[EventRounds "9"]
[EventCountry "SLO"]
[Source "lmi"]
[SourceDate "2005.02.03"]

1. e4 e5 2. Nf3 Nc6 3. Bb5 d6 4. h3 Nf6 5. Nc3 Be7 6. O-O O-O 7. d3 a6 8. Bc4
Na5 9. Bb3 c6 10. Bd2 Nxb3 11. axb3 h6 12. Ne2 b6 13. Ng3 a5 14. c4 Be6 15. Bc3
c5 1/2-1/2

[Event "10. HIT Open 2005 - B"]
[Site "Nova Gorica SLO"]
[Date "2005.01.30"]
[Round "4.10"]
[White "Visintin, Roberto"]
[Black "Ursic, Jakob"]
[Result "1-0"]
[WhiteElo "1940"]
[BlackElo "1943"]
[PlyCount "120"]
[EventDate "2005.01.28"]
[EventType "swiss"]
[EventRounds "9"]
[EventCountry "SLO"]
[Source "lmi"]
[SourceDate "2005.02.03"]

1. d4 d5 2. Nf3 Nf6 3. Bf4 Nc6 4. e3 Bg4 5. Nbd2 e6 6. c3 Bd6 7. Qb3 Bxf4 8.
exf4 Rb8 9. g3 Ne4 10. Bg2 Nxd2 11. Nxd2 O-O 12. O-O Qf6 13. Qc2 Qf5 14. Qxf5
Bxf5 15. b4 a5 16. a3 b6 17. Rfc1 Bd3 18. Nf3 Rb7 19. Ne5 Nxe5 20. fxe5 Ra8 21.
c4 c6 22. bxa5 Bxc4 23. Rxc4 dxc4 24. Bxc6 Raa7 25. Bxb7 Rxb7 26. Rb1 c3 27.
axb6 g6 28. Rc1 Rxb6 29. Rxc3 Rb1+ 30. Kg2 Ra1 31. Kf3 Ra2 32. h4 h5 33. Ke3 f6
34. Rc8+ Kf7 35. Rc7+ Kf8 36. exf6 Rxa3+ 37. Kf4 Ra5 38. Rc5 Ra4 39. Ke5 Ra2
40. Kxe6 Re2+ 41. Re5 Rxf2 42. Re3 Ra2 43. d5 Ra8 44. Rc3 Re8+ 45. Kd7 Kf7 46.
Ra3 Re2 47. d6 Kxf6 48. Rf3+ Ke5 49. Ke7 Kd5+ 50. Kf7 Kxd6 51. Kxg6 Re5 52. Rf5
Re3 53. Rg5 Ke7 54. Kxh5 Kf6 55. Rg6+ Kf7 56. g4 Rh3 57. Ra6 Rb3 58. Ra7+ Kf8
59. g5 Rb5 60. Kh6 Rb6+ 1-0

[Event "10. HIT Open 2005 - B"]
[Site "Nova Gorica SLO"]
[Date "2005.01.30"]
[Round "4.11"]
[White "Bucer, Savin"]
[Black "Antoniacci, Riccardo"]
[Result "1-0"]
[WhiteElo "1500"]
[BlackElo "2000"]
[PlyCount "49"]
[EventDate "2005.01.28"]
[EventType "swiss"]
[EventRounds "9"]
[EventCountry "SLO"]
[Source "lmi"]
[SourceDate "2005.02.03"]

1. e4 g6 2. d4 Bg7 3. c4 c6 4. Nc3 e6 5. Nf3 Ne7 6. Be2 d5 7. e5 dxc4 8. Bxc4
b5 9. Bb3 h5 10. Ne4 Nf5 11. Bg5 Qa5+ 12. Bd2 Qb6 13. Be3 Nxe3 14. fxe3 Qa5+
15. Nfd2 O-O 16. O-O Nd7 17. g4 hxg4 18. Qxg4 c5 19. Rf3 c4 20. Bc2 Bxe5 21.
dxe5 Nxe5 22. Qg5 Nxf3+ 23. Nxf3 Bb7 24. Qh6 Bxe4 25. Ng5 1-0

[Event "10. HIT Open 2005 - B"]
[Site "Nova Gorica SLO"]
[Date "2005.01.30"]
[Round "4.12"]
[White "Nardin, Flavij"]
[Black "Furlan, Albin"]
[Result "1/2-1/2"]
[WhiteElo "2062"]
[BlackElo "2083"]
[PlyCount "97"]
[EventDate "2005.01.28"]
[EventType "swiss"]
[EventRounds "9"]
[EventCountry "SLO"]
[Source "lmi"]
[SourceDate "2005.02.03"]

1. d4 d5 2. c4 c6 3. Nf3 Nf6 4. Nc3 e6 5. Bg5 Be7 6. e3 Nbd7 7. Bd3 h6 8. Bh4
dxc4 9. Bxc4 Nd5 10. Bg3 Qa5 11. Qd3 O-O 12. O-O Nxc3 13. bxc3 c5 14. d5 exd5
15. Bxd5 Nf6 16. c4 Nxd5 17. cxd5 Bg4 18. e4 Rfd8 19. Ne5 Bh5 20. f4 Rac8 21.
Nc4 Qa6 22. a4 f6 23. Rfc1 Bf7 24. f5 Rd7 25. Qb3 b6 26. Ra2 g6 27. fxg6 Bxg6
28. d6 Bf8 29. Nxb6+ Bf7 30. Nd5 Rxd6 31. Bxd6 Qxd6 32. Qg3+ Qxg3 33. hxg3 Kg7
34. Rf2 Bxd5 35. exd5 Bd6 36. Rc4 Be5 37. Rd2 Kf7 38. Kh2 Ke7 39. Kh3 Kd6 40.
Rd3 Rb8 41. Kg4 Rb2 42. Kf3 a5 43. Rh4 Ra2 44. Rc4 Rb2 45. Rh4 Rb1 46. Rc4 Rb2
47. g4 Rb1 48. Ke4 Rg1 49. Kf3 1/2-1/2

[Event "10. HIT Open 2005 - B"]
[Site "Nova Gorica SLO"]
[Date "2005.01.30"]
[Round "4.13"]
[White "Leban, Matej"]
[Black "Pagnutti, Lorenzo"]
[Result "0-1"]
[WhiteElo "1603"]
[BlackElo "2060"]
[PlyCount "94"]
[EventDate "2005.01.28"]
[EventType "swiss"]
[EventRounds "9"]
[EventCountry "SLO"]
[Source "lmi"]
[SourceDate "2005.02.03"]

1. e4 e5 2. Nf3 Nc6 3. Bb5 a6 4. Ba4 Nf6 5. O-O b5 6. Bb3 Be7 7. Re1 O-O 8. a4
Bb7 9. c3 d6 10. d4 Re8 11. d5 Nb8 12. Bc2 c6 13. dxc6 Nxc6 14. Nbd2 Bf8 15.
Nf1 h6 16. Ng3 g6 17. Qd3 b4 18. c4 Kh7 19. Be3 Ng4 20. Bd2 Qb6 21. Be3 Nxe3
22. Rxe3 Rad8 23. h4 Be7 24. h5 Rg8 25. Kh2 Bc8 26. Rh1 Bg4 27. hxg6+ fxg6 28.
Kg1 Rdf8 29. Qd2 h5 30. Bd1 Kg7 31. Rd3 Rf4 32. Rh2 Rgf8 33. Re3 Nd4 34. Nxd4
exd4 35. Rd3 Bxd1 36. Qxd1 Rxf2 37. Nf5+ R8xf5 38. exf5 Rxf5 39. Rhh3 Bg5 40.
Rhf3 Be3+ 41. Kh1 Qd8 42. g3 Qa8 43. Kg2 g5 44. Rdxe3 dxe3 45. Qd4+ Kf7 46.
Qd5+ Qxd5 47. cxd5 Kf6 0-1

[Event "10. HIT Open 2005 - B"]
[Site "Nova Gorica SLO"]
[Date "2005.01.30"]
[Round "4.14"]
[White "Bacic, Domagoj"]
[Black "Stolfa, Rodolfo"]
[Result "1-0"]
[WhiteElo "1534"]
[BlackElo "1700"]
[PlyCount "69"]
[EventDate "2005.01.28"]
[EventType "swiss"]
[EventRounds "9"]
[EventCountry "SLO"]
[Source "lmi"]
[SourceDate "2005.02.03"]

1. d4 d5 2. c4 e6 3. Nc3 Nf6 4. Bg5 Be7 5. e3 Nbd7 6. Nf3 c6 7. Bd3 dxc4 8.
Bxc4 Nd5 9. Bxe7 Qxe7 10. a3 b5 11. Bd3 Bb7 12. Rc1 O-O 13. Ne4 Rac8 14. Qc2 f5
15. Nc5 Nxc5 16. Qxc5 Qxc5 17. Rxc5 h6 18. Ne5 Ne7 19. Ke2 Rfd8 20. Rhc1 g6 21.
Bb1 Kg7 22. Ba2 Kf6 23. Nd3 a5 24. Re5 Rd5 25. Nc5 Rxc5 26. Rxe6+ Kf7 27. Rxc5
Kf8 28. Rf6+ Ke8 29. Bf7+ Kd8 30. Be6 Ra8 31. Bf7 Kc7 32. Re5 Nc8 33. Bxg6 Nd6
34. Re7+ Kd8 35. Rxb7 1-0

[Event "10. HIT Open 2005 - B"]
[Site "Nova Gorica SLO"]
[Date "2005.01.30"]
[Round "4.15"]
[White "Mircoli, Filippo"]
[Black "Valic, Jakob"]
[Result "0-1"]
[WhiteElo "1928"]
[BlackElo "1507"]
[PlyCount "54"]
[EventDate "2005.01.28"]
[EventType "swiss"]
[EventRounds "9"]
[EventCountry "SLO"]
[Source "lmi"]
[SourceDate "2005.02.03"]

1. e4 e5 2. Nf3 Nc6 3. Bc4 Be7 4. d4 exd4 5. Nxd4 d6 6. Nc3 Nf6 7. Be3 O-O 8.
Nxc6 bxc6 9. O-O Be6 10. Qe2 d5 11. Rad1 Bd6 12. exd5 cxd5 13. Bb3 c5 14. Bg5
Re8 15. Qd3 Qc7 16. Bxd5 c4 17. Qd2 Rad8 18. Bxf6 gxf6 19. Qh6 f5 20. f4 Bf8
21. Qh4 Bg7 22. Rf3 Bxd5 23. Nxd5 Qc5+ 24. Re3 Rxd5 25. Rxd5 Qxe3+ 26. Qf2 Qc1+
27. Qf1 Re1 0-1

[Event "10. HIT Open 2005 - B"]
[Site "Nova Gorica SLO"]
[Date "2005.01.30"]
[Round "4.16"]
[White "Mikuz, Slavko"]
[Black "Kogoj, Boris"]
[Result "1/2-1/2"]
[WhiteElo "1634"]
[BlackElo "1849"]
[PlyCount "101"]
[EventDate "2005.01.28"]
[EventType "swiss"]
[EventRounds "9"]
[EventCountry "SLO"]
[Source "lmi"]
[SourceDate "2005.02.03"]

1. d4 d5 2. c4 e6 3. Nc3 Nf6 4. Bg5 Be7 5. Nf3 O-O 6. e3 b6 7. Be2 Bb7 8. O-O
Nbd7 9. a3 Rc8 10. Rc1 c6 11. h3 Ne4 12. Bxe7 Qxe7 13. Nxe4 dxe4 14. Nd2 c5 15.
Qa4 a5 16. f4 f5 17. Qb3 Qd6 18. d5 exd5 19. cxd5 Bxd5 20. Qxd5+ Qxd5 21. Bc4
Nf6 22. Rfd1 Rfd8 23. Kf2 Rc6 24. Bxd5+ Nxd5 25. Nc4 a4 26. Rd2 b5 27. Ne5 Rcd6
28. Rxc5 b4 29. axb4 g6 30. b5 Nb4 31. Rxd6 Rxd6 32. Ke2 Nd3 33. Nxd3 Rxd3 34.
Rc2 Rb3 35. Rd2 Rxb5 36. Kd1 Rb3 37. Re2 a3 38. bxa3 Rxa3 39. Ke1 h6 40. Kf2
Kf7 41. g4 Ra1 42. gxf5 gxf5 43. Rb2 Rh1 44. Kg2 Rd1 45. Kf2 Rd6 46. Kg3 Kg6
47. Rb5 Rd3 48. Kf2 Rd2+ 49. Kg3 Re2 50. Rb3 Kh5 51. Ra3 1/2-1/2

[Event "10. HIT Open 2005 - B"]
[Site "Nova Gorica SLO"]
[Date "2005.01.30"]
[Round "4.17"]
[White "Valic, Marjan"]
[Black "Vetrih, Joze"]
[Result "0-1"]
[WhiteElo "1565"]
[BlackElo "1805"]
[PlyCount "92"]
[EventDate "2005.01.28"]
[EventType "swiss"]
[EventRounds "9"]
[EventCountry "SLO"]
[Source "lmi"]
[SourceDate "2005.02.03"]

1. e4 e5 2. Bc4 Nf6 3. Nc3 Bb4 4. Nd5 Nxd5 5. Bxd5 O-O 6. Nf3 c6 7. Bb3 d6 8.
h3 a5 9. a3 Bc5 10. d3 h6 11. c3 Qf6 12. Qe2 Re8 13. Be3 Na6 14. O-O-O Be6 15.
Bc2 b5 16. d4 Bc4 17. Qd2 exd4 18. Nxd4 b4 19. Bb3 bxc3 20. Qxc3 Bxb3 21. Qxb3
Rxe4 22. Nxc6 Nb4 23. Nxb4 Bxe3+ 24. fxe3 axb4 25. a4 Qe5 26. Rhf1 Qc5+ 27. Kb1
Ra7 28. Rf3 Rc7 29. Rdf1 Rc4 30. Ka2 Qd5 31. Rd1 Qe6 32. Rd4 d5 33. Rdf4 Ra7
34. g4 Qc6 35. Rf1 Rxa4+ 36. Kb1 Qa6 37. Rxc4 Ra1+ 38. Kc2 dxc4 39. Qxb4 Rxf1
40. Kc3 Qe6 41. Qb8+ Kh7 42. Qg3 Qe4 43. h4 Rf3 44. Qg1 Rxe3+ 45. Kd2 Qd4+ 46.
Kc1 Rc3+ 0-1

[Event "10. HIT Open 2005 - B"]
[Site "Nova Gorica SLO"]
[Date "2005.01.30"]
[Round "4.18"]
[White "Winkler, Silvo"]
[Black "Skrinjar, Matic"]
[Result "0-1"]
[WhiteElo "1783"]
[BlackElo "1527"]
[PlyCount "113"]
[EventDate "2005.01.28"]
[EventType "swiss"]
[EventRounds "9"]
[EventCountry "SLO"]
[Source "lmi"]
[SourceDate "2005.02.03"]

1. d4 d5 2. Nf3 Nc6 3. Bf4 Nf6 4. h3 e6 5. a3 Bd6 6. Bg5 h6 7. Bc1 e5 8. dxe5
Nxe5 9. Nd4 c5 10. Nb3 O-O 11. e3 Bf5 12. Be2 b6 13. Nc3 Bc7 14. O-O Qd6 15. f4
Ng6 16. Bf3 Rad8 17. Qe2 Rfe8 18. Qa6 Bxc2 19. Nb5 Qd7 20. f5 Ne5 21. Nd2 Bd3
22. a4 Bxf1 23. Kxf1 Nxf3 24. Nxf3 Bb8 25. g4 Re7 26. a5 Qb7 27. Qxb7 Rxb7 28.
axb6 axb6 29. Ra8 Rbd7 30. b3 Bd6 31. Ra6 Rb8 32. Bb2 Ne4 33. h4 f6 34. Ke2 Kf7
35. h5 Bg3 36. Ng1 Bh4 37. Nf3 Bg5 38. Bc1 Nd6 39. Nc3 Ne4 40. Nb5 d4 41. Nxg5+
Nxg5 42. exd4 cxd4 43. Bxg5 fxg5 44. Kd3 Re8 45. Rxb6 Re3+ 46. Kd2 Rg3 47. Nd6+
Ke7 48. Nc4 d3 49. Re6+ Kd8 50. Ne3 Re7 51. Rd6+ Rd7 52. Re6 Rh3 53. Nf1 Rh1
54. Ne3 Rh2+ 55. Kd1 d2 56. Rc6 Rh1+ 57. Kc2 0-1

[Event "10. HIT Open 2005 - B"]
[Site "Nova Gorica SLO"]
[Date "2005.01.30"]
[Round "4.19"]
[White "Bizjak, Nejc"]
[Black "Bonoli, Luciano"]
[Result "0-1"]
[WhiteElo "1500"]
[BlackElo "1725"]
[PlyCount "100"]
[EventDate "2005.01.28"]
[EventType "swiss"]
[EventRounds "9"]
[EventCountry "SLO"]
[Source "lmi"]
[SourceDate "2005.02.03"]

1. e4 d6 2. d4 Nf6 3. Nc3 c6 4. Nf3 g6 5. Be2 Bg7 6. O-O O-O 7. h3 Qc7 8. Re1
e5 9. Be3 Nbd7 10. Bd3 Nh5 11. Rb1 Nf4 12. Qd2 Nxd3 13. Qxd3 Nf6 14. b3 Nh5 15.
Qc4 Nf4 16. Nd5 Nxh3+ 17. gxh3 Qd7 18. Nc3 Qxh3 19. Nh2 Be6 20. d5 cxd5 21.
Nxd5 Rfe8 22. Qf1 Qxf1+ 23. Nxf1 Rac8 24. c4 f5 25. f3 f4 26. Bf2 g5 27. Nh2 h5
28. Re2 b6 29. Be1 Kf7 30. Rg2 Bxd5 31. cxd5 Bf6 32. b4 Rg8 33. a4 Rc4 34. Ra1
g4 35. fxg4 Rxe4 36. gxh5 Rxg2+ 37. Kxg2 Re2+ 38. Kg1 e4 39. a5 Bxa1 40. Bf2
bxa5 41. bxa5 e3 42. Bh4 Bf6 43. Nf3 Bxh4 44. Nxh4 Ra2 45. h6 Rb2 46. Kf1 Rh2
47. Nf5 Kf6 48. Nxd6 Rxh6 49. Nb5 f3 50. d6 Rh1# 0-1

[Event "10. HIT Open 2005 - B"]
[Site "Nova Gorica SLO"]
[Date "2005.01.30"]
[Round "4.20"]
[White "Samuelli, Daniele"]
[Black "Jug, Tina"]
[Result "1-0"]
[WhiteElo "1700"]
[BlackElo "1507"]
[PlyCount "43"]
[EventDate "2005.01.28"]
[EventType "swiss"]
[EventRounds "9"]
[EventCountry "SLO"]
[Source "lmi"]
[SourceDate "2005.02.03"]

1. e4 e5 2. Nf3 Nc6 3. Bb5 a6 4. Ba4 Nf6 5. O-O Bc5 6. c3 b5 7. Bc2 Bb6 8. d4
exd4 9. cxd4 O-O 10. Bg5 h6 11. Bh4 Qe8 12. Bxf6 gxf6 13. Nc3 Kh8 14. Nd5 Qd8
15. Qd2 Kg7 16. Rad1 d6 17. Qf4 Rg8 18. Nxb6 cxb6 19. Nh4 Ne7 20. e5 fxe5 21.
dxe5 Kf8 22. exd6 1-0

[Event "10. HIT Open 2005 - B"]
[Site "Nova Gorica SLO"]
[Date "2005.01.30"]
[Round "4.21"]
[White "Zivkovic, Jan"]
[Black "Grosar, Gari"]
[Result "0-1"]
[WhiteElo "1850"]
[BlackElo "1500"]
[PlyCount "84"]
[EventDate "2005.01.28"]
[EventType "swiss"]
[EventRounds "9"]
[EventCountry "SLO"]
[Source "lmi"]
[SourceDate "2005.02.03"]

1. Nf3 Nc6 2. d4 d5 3. g3 Nf6 4. Bg2 Bf5 5. Nc3 e6 6. O-O Bb4 7. Bg5 h6 8. Bf4
O-O 9. Nb5 Bd6 10. Nxd6 cxd6 11. c3 Qd7 12. Nh4 Bg6 13. Nxg6 fxg6 14. Qd3 g5
15. Bd2 Rf7 16. f4 gxf4 17. Bxf4 Raf8 18. Qg6 Kh8 19. Bh3 Ne7 20. Qc2 Ne4 21.
Bg2 Nf6 22. Rae1 Qc6 23. Qb3 Ng6 24. Qc2 Nxf4 25. Rxf4 Qd7 26. Qg6 Ne8 27. Ref1
Rxf4 28. Rxf4 Rxf4 29. gxf4 Nf6 30. Bh3 Qe7 31. Qg3 b6 32. Qe3 Ne4 33. b3 Qd7
34. c4 Qf7 35. cxd5 exd5 36. f5 Kh7 37. Qf4 Qf6 38. e3 Qe7 39. Bg2 Nf6 40. Qf2
Ng4 41. Qc2 Qxe3+ 42. Kh1 Qe1+ 0-1

[Event "10. HIT Open 2005 - B"]
[Site "Nova Gorica SLO"]
[Date "2005.01.30"]
[Round "4.22"]
[White "Peranovic, Zdravko"]
[Black "Pulec, Lea"]
[Result "1-0"]
[WhiteElo "1500"]
[BlackElo "1554"]
[PlyCount "129"]
[EventDate "2005.01.28"]
[EventType "swiss"]
[EventRounds "9"]
[EventCountry "SLO"]
[Source "lmi"]
[SourceDate "2005.02.03"]

1. d4 d5 2. c4 e6 3. Nc3 Bb4 4. Nf3 Nf6 5. e3 Ne4 6. Qc2 O-O 7. Bd3 Bxc3+ 8.
bxc3 Nf6 9. c5 b6 10. Ba3 Re8 11. O-O Ba6 12. Bxa6 Nxa6 13. c6 Ne4 14. Ne5 f6
15. Nd3 Nd6 16. Qa4 Nb8 17. Nb4 Nc4 18. Bc1 a5 19. Nd3 Qd6 20. f3 Qxc6 21. Qc2
Nd7 22. Nf2 e5 23. a4 exd4 24. cxd4 Qd6 25. e4 c6 26. Nd3 Rac8 27. Bf4 Qf8 28.
Rae1 Qf7 29. Bc1 Nd6 30. e5 Nf5 31. Bb2 fxe5 32. dxe5 Nh6 33. Qc3 Re6 34. Bc1
Qf8 35. Nf4 Ree8 36. g4 Qc5+ 37. Qxc5 Nxc5 38. Nh5 Nd3 39. Bxh6 Nxe1 40. Rxe1
gxh6 41. Nf6+ Kf7 42. Nxe8 Rxe8 43. f4 Rg8 44. e6+ Ke7 45. h3 Rf8 46. f5 d4 47.
Kf2 c5 48. Kf3 d3 49. Ke3 Rd8 50. Kd2 c4 51. Kc3 Rc8 52. Rb1 Rc6 53. Rf1 Rc8
54. Kd4 d2 55. Kc3 b5 56. axb5 Rd8 57. Rd1 a4 58. Kxc4 a3 59. Kb3 a2 60. Kxa2
Rb8 61. Rxd2 Rxb5 62. Rd7+ Kf6 63. Rf7+ Ke5 64. e7 Ra5+ 65. Kb3 1-0

[Event "10. HIT Open 2005 - B"]
[Site "Nova Gorica SLO"]
[Date "2005.01.30"]
[Round "4.23"]
[White "Lapornik, Robert"]
[Black "Bembich, Corrado"]
[Result "1-0"]
[WhiteElo "2000"]
[BlackElo "2000"]
[PlyCount "115"]
[EventDate "2005.01.28"]
[EventType "swiss"]
[EventRounds "9"]
[EventCountry "SLO"]
[Source "lmi"]
[SourceDate "2005.02.03"]

1. Nf3 d5 2. c4 c6 3. cxd5 Qxd5 4. g3 Nf6 5. d3 Qc5 6. Nc3 e5 7. Be3 Qa5 8. Qc2
Bc5 9. Bd2 Ng4 10. e3 b5 11. h3 Nf6 12. Nxe5 O-O 13. Nd5 b4 14. Nxf6+ gxf6 15.
Nc4 Qc7 16. d4 Bd6 17. O-O-O f5 18. Bd3 f6 19. Bxf5 Bxf5 20. Qxf5 Rf7 21. Kb1
a5 22. Rc1 a4 23. e4 Bf8 24. Ne3 Ra5 25. Qf3 Qa7 26. Nf5 Rxf5 27. Qxf5 Qxd4 28.
Be3 Qd3+ 29. Ka1 a3 30. b3 Rd7 31. Qg4+ Bg7 32. Rcd1 f5+ 33. Qxg7+ Kxg7 34.
Rxd3 Rxd3 35. exf5 Rd6 36. g4 Rh6 37. Bxh6+ Kxh6 38. h4 Kg7 39. Rd1 Na6 40. Rc1
c5 41. g5 Kf7 42. Rc4 Ke7 43. g6 hxg6 44. fxg6 Kf6 45. Rg4 Kg7 46. h5 Nc7 47.
Re4 Nd5 48. Re5 Nf6 49. Rxc5 Kh6 50. f4 Ne4 51. Rc7 Kxh5 52. g7 Nf6 53. Rf7 Ng8
54. Rf8 Ne7 55. g8=Q Nxg8 56. Rxg8 Kh6 57. f5 Kh7 58. Rg1 1-0

[Event "10. HIT Open 2005 - B"]
[Site "Nova Gorica SLO"]
[Date "2005.01.31"]
[Round "5.1"]
[White "Fantini, Marco"]
[Black "Skok, Joze"]
[Result "0-1"]
[WhiteElo "1850"]
[BlackElo "2102"]
[PlyCount "78"]
[EventDate "2005.01.28"]
[EventType "swiss"]
[EventRounds "9"]
[EventCountry "SLO"]
[Source "lmi"]
[SourceDate "2005.02.03"]

1. d4 Nf6 2. Nc3 d5 3. Bg5 Ne4 4. Nxe4 dxe4 5. e3 g6 6. Bc4 Bg7 7. Ne2 c5 8. c3
cxd4 9. exd4 O-O 10. Ng3 Qc7 11. Qe2 Bf5 12. Bb3 Nc6 13. O-O h6 14. Bh4 Qf4 15.
Nxf5 gxf5 16. Bg3 Qg5 17. f3 f4 18. Be1 e3 19. g3 Rad8 20. Kh1 e5 21. dxe5 Nxe5
22. gxf4 Qxf4 23. Bg3 Qg5 24. f4 Qg4 25. Qxe3 Rd3 26. Qe4 Qh3 27. Rg1 Ng4 28.
Qxd3 Nf2+ 29. Bxf2 Qxd3 30. Rg2 Kh8 31. Rxg7 Kxg7 32. Rg1+ Kf6 33. Bd4+ Kf5 34.
Rg2 Qf1+ 35. Bg1 Qf3 36. Bc2+ Ke6 37. h3 Rg8 38. Bb3+ Kd7 39. Ba4+ Kc7 0-1